| 000 | 00509pab a2200181 454500 | ||
|---|---|---|---|
| 008 | 180718b2013 xxu||||| |||| 00| 0 eng d | ||
| 100 | _aRamotra, K. C. | ||
| 245 | _aTribal well-being in Dhule and Nandurbar districts of Maharashtra: A geographical analysis | ||
| 260 | _c2013 | ||
| 300 | _ap.128-143. | ||
| 650 | _aTribes - India - Maharashtra | ||
| 650 | _aTribes | ||
| 700 | _aPawar, S.K. | ||
| 700 | _aMote, Y.S | ||
| 773 | _aIndian Journal of Regional Science | ||
| 908 | _aN | ||
| 909 | _a101484 | ||
| 999 |
_c101482 _d101482 |
||